000
00260nam a22001217a 4500
040
_c
SK
082
_a
620
100
_a
JOSEPH E.
245
_a
Engineering properties of soils and their measurement
260
_a
AIT
_b
JOS
_c
1970
300
_a
187p.
942
_c
EK
999
_c
9250
_d
9250